Leisure and Recreation Management / Third Edition (Record no. 3996)
[ view plain ]
| 000 -LEADER | |
|---|---|
| fixed length control field | 01160cam a22001934a 4500 |
| 005 - ΗΜΕΡΟΜΗΝΙΑ ΚΑΙ ΩΡΑ ΤΕΛΕΥΤΑΙΑΣ ΕΝΗΜΕΡΩΣΗΣ | |
| Πεδίο ελέγχου | 20250605164131.0 |
| 008 - FIXED-LENGTH DATA ELEMENTS--GENERAL INFORMATION | |
| Πεδίο ελέγχου σταθερού μήκους | 250528s ||||||||||||||||||||||||d |
| 035 ## - SYSTEM CONTROL NUMBER | |
| System control number | 18651 |
| 020 ## - ISBN | |
| ISBN | 9419167609 |
| 040 ## - ΠΗΓΗ ΚΑΤΑΛΟΓΟΓΡΑΦΗΣΗΣ | |
| Φορέας πρωτότυπης καταλογογράφησης | MC Athens Campus Library |
| Γλώσσα καταλογογράφησης | Ελληνικά, Μοντέρνα (1453-) |
| Modifying agency | MC Athens Campus Library |
| Κανόνες περιγραφικής καταλογογράφησης | AACR2 |
| 245 1# - ΤΙΤΛΟΣ ΚΑΙ ΔΗΛΩΣΗ ΥΠΕΥΘΥΝΟΤΗΤΑΣ | |
| Τίτλος | Leisure and Recreation Management / Third Edition |
| 260 ## - PUBLICATION, DISTRIBUTION, ETC. | |
| Name of publisher, distributor, etc. | E & Fn Spon, |
| Date of publication, distribution, etc. | 1995 |
| 300 ## - PHYSICAL DESCRIPTION | |
| Extent | 464 |
| 520 ## - SUMMARY, ETC. | |
| Summary, etc. | Essential reading for those involved at all levels in the planning, administration and management of recreation. Illustrations, Preface and Acknowledgements, Introduction and Structure and Significance of the Book, Play, Recreation, Leisure and the Needs of People, The Leisure ''Product'', Planning for Leisure, Trends in the Leisure Industry, Management, Programming Leisure and Recreation Services and Facilities, Marketing of Leisure and Recreation, Organization of Major Events, Staffing and Staff Structures in Leisure Services, Leisure and Recreation Management Education and Training, Towards Effective and Recreational Management: Some Conclusions, Answer Guidelines, Index. |
| 700 1# - ΠΡΟΣΘΕΤΗ ΑΝΑΓΡΑΦΗ--ΦΥΣΙΚΟ ΠΡΟΣΩΠΟ | |
| Personal name | Torkildsen George |
| 9 (RLIN) | 4915 |
| 942 ## - ADDED ENTRY ELEMENTS (KOHA) | |
| Koha item type | Books |
| Τύπος τεκμηρίου | Βιβλιοθήκη | Τρέχουσα τοποθεσία | Barcode | Αριθμός εισαγωγής | Ημερομηνία απόκτησης | Ταξιθετικό σύμβολο | Αριθμός αντιτύπου | Κατάσταση απόσυρσης | Κατάσταση χαμένου | Κατάσταση κατεστραμμένου | Μη δανεισμός | Σύνολο δανεισμών | Ημερομηνία τελευταίας εμφάνισης | Η τιμή ισχύει από |
|---|---|---|---|---|---|---|---|---|---|---|---|---|---|---|
| Books | MC Athens Campus Library | MC Athens Campus Library | 9780000039958 | 3558 | 05/06/2025 | 790.069 TOR | 1 | 05/06/2025 | 05/06/2025 |